Famous Fictional Bars Quiz Stats

Quiz Updated May 15, 2014

Challenge
Share
Tweet
Score 0/22 Timer 06:00
4 Plays Today
% Correct
The Simpsons (Moe's Tavern)
97.3%
Star Wars (Mos Eisley Cantina)
95%
Cheers (Cheers)
93.7%
The Lord of the Rings (The Green Dragon Inn)
88.5%
Family Guy (The Drunken Clam)
80.9%
Harry Potter (The Three Broomsticks)
78.5%
Casablanca (Rick's Café Américain)
77.7%
Beauty and the Beast (Gaston's)
70.3%
Pinocchio (Pleasure Island Pool Hall)
69.2%
Who Framed Roger Rabbit (The Ink and Paint Club)
66.1%
The Shining (The Gold Room, Overlook Hotel)
63.5%
% Correct
Futurama (The Hip Joint)
63.4%
The Sopranos (Bada Bing!)
56.7%
It's Always Sunny in Philadelphia (Paddy's Pub)
47.1%
Shaun of the Dead (Winchester Tavern)
46.9%
Parks and Recreation (The Snakehole Lounge)
43.5%
Star Trek: The Next Generation (Ten Forward)
42.8%
The Blues Brothers (Bob's Country Bunker)
40.3%
Animal House (Dexter Lake Club)
37.7%
Unforgiven (Greely's)
34.9%
Total Recall (The Last Resort)
25.4%
Harlem Nights (Club Sugar Ray)
15.8%

You're not logged in!

Compare scores with friends on all Sporcle quizzes.
Join for Free
OR
Log In

You Might Also Like...

Show Comments

Extras

Top Quizzes Today


Score Distribution

Your Account Isn't Verified!

In order to create a playlist on Sporcle, you need to verify the email address you used during registration. Go to your Sporcle Settings to finish the process.

Report this User

Report this user for behavior that violates our Community Guidelines.

Details: